Music Quiz

Random Music or Lyrics Quiz

'Under Pressure' Lyrics Quiz Stats

 Plays Quiz Updated Feb 5, 2015

Also try: Bohemian Rhapsody
Challenge
Share
Tweet
Embed
Score 0/251 Timer 08:00
4 Plays Today
% Correct
Pressure
98.8%
pressure
98.8%
Pressure
98.8%
Pressure
98.8%
pressure
98.8%
pressure
98.8%
pressure
98.8%
Pressure
98.8%
Under
95.5%
under
95.5%
Under
95.5%
Under
95.5%
me
94.3%
me
94.3%
me
94.3%
me
94.3%
me
94.3%
on
93.8%
on
93.8%
on
93.8%
on
93.8%
on
93.8%
on
93.8%
on
93.8%
on
93.8%
on
93.8%
on
93.8%
on
93.8%
on
93.6%
on
93.6%
you,
91.1%
you
91.1%
you
91.1%
a
90%
a
90%
a
90%
a
90%
down
89.3%
down
89.3%
down
89.3%
the
86.1%
the
86.1%
the
86.1%
the
86.1%
The
86.1%
the
86.1%
the
86.1%
the
85.9%
the
85.9%
is
80.8%
is
80.8%
is
80.8%
is
80.8%
is
80.8%
pushing
74.8%
it
74.7%
it
74.7%
it
74.7%
it
74.7%
this
70.2%
this
70.2%
This
70.2%
This
70.2%
This
70.2%
to
69.6%
to
69.6%
What
69.4%
what
69.4%
of
69.2%
of
69.2%
of
69.2%
of
69.2%
no
68.8%
an
68.4%
we
66.3%
we
66.3%
we
66.3%
out!'
65.4%
out!'
65.4%
in
63.7%
and
63.3%
And
63.3%
And
63.3%
'Let
63.2%
% Correct
'Let
63.2%
Pressing
62.3%
about
62.1%
about
62.1%
about
62.1%
people
61.8%
people
61.8%
people
61.8%
People
61.8%
People
61.8%
people
61.8%
people
61.8%
people
61.8%
so
61.4%
world
61.3%
world
61.3%
love
60.8%
Love
60.8%
love
60.8%
love
60.8%
love
60.8%
love
60.8%
love
60.8%
love
60.8%
love
60.8%
love
60.8%
love
60.8%
love
60.8%
love
60.8%
love
60.8%
love
60.8%
love
60.8%
love
60.8%
love
60.8%
(People
60.7%
(People
60.7%
It's
59.4%
Its
59.4%
it's
59.4%
our
57.5%
our
57.5%
our
57.5%
for.
57.4%
for
57.4%
man
57.1%
man
57.1%
good
57%
good
57%
streets
56.7%
streets
56.7%
streets
56.7%
streets
56.7%
streets
56.7%
Why
56.5%
why
56.5%
why?
56.5%
Why
56.5%
Why
56.5%
some
56%
some
56%
streets)
55.5%
streets)
55.5%
one
53.9%
one
53.9%
that
52.5%
that
52.5%
knowing
52%
knowing
52%
Watching
52%
Watching
52%
give
51.7%
give
51.7%
give
51.7%
give
51.7%
give
51.7%
give
51.7%
give
51.7%
give
51.7%
give
51.7%
give
51.7%
give
51.7%
Can't
51.6%
can't
51.6%
can't
51.6%
% Correct
friends
51.4%
friends
51.4%
chance
50.6%
chance
50.6%
more
49.1%
more
49.1%
terror
48.3%
terror
48.3%
ourselves
45.7%
ourselves
45.7%
ourselves
45.7%
are
45.3%
all
45.1%
but
44.8%
but
44.8%
but
44.8%
last
44%
last
44%
Screaming,
42.1%
Screaming,
42.1%
two
39.8%
dance
39.5%
dance
39.5%
tomorrow
38.7%
tomorrow
38.7%
from
37.7%
family
37.7%
don't
37.3%
my
37.1%
high
36.4%
high
36.4%
coming
36.3%
old-fashioned
36.3%
way
35.9%
like
35.5%
Puts
33.5%
up
32.9%
These
32.8%
days
32.5%
we're
31.2%
night
30.7%
'Cause
30.5%
blind
30.3%
building
30.2%
Splits
29.9%
higher
29.8%
higher
29.8%
ask
29.3%
with
29.2%
away
28.9%
care
28.9%
change
28.8%
never
28.8%
such
28.1%
Caring
28%
around
27.4%
around
27.4%
dares
27.3%
dares
27.3%
love's
26.3%
Keep
26.1%
Sat
25.8%
floor
25.4%
gets
25.4%
gets
25.4%
work
24.3%
word
24%
torn
23.7%
edge
23.4%
brains
22.8%
Turned
22.7%
rains
22.5%
pours
22.1%
burns
21.1%
fence
20.2%
slashed
20.2%
Insanity
18.6%
laughs
16.4%
kick
15.3%
Pray
13.1%
Pray
13.1%
Chippin'
12.5%
cracking
12%

You're not logged in!

Compare scores with friends on all Sporcle quizzes.
OR
Log In

You Might Also Like...

Show Comments

Extras

Top Quizzes Today


Score Distribution

Your Account Isn't Verified!

In order to create a playlist on Sporcle, you need to verify the email address you used during registration. Go to your Sporcle Settings to finish the process.

Report this User

Report this user for behavior that violates our Community Guidelines.

Details: